| 000 | 00357nam a2200133Ia 4500 | ||
|---|---|---|---|
| 008 | 220216s9999 xx 000 0 und d | ||
| 100 | _aBlume A et al. | ||
| 245 | 0 | _aInfrared study of the silica/silane reaction | |
| 260 |
_bKautschuk Gummi Kunststoffe _c2013 |
||
| 300 | _a63-70 | ||
| 650 | _aFTIR-analysis | ||
| 650 | _aMolecular modelling | ||
| 942 | _cJS | ||
| 999 |
_c61389 _d61389 |
||